| 000 | 00730nam a22001937a 4500 | ||
|---|---|---|---|
| 003 | OSt | ||
| 005 | 20250318094908.0 | ||
| 008 | 240903b ||||| |||| 00| 0 eng d | ||
| 040 | _c0 | ||
| 082 | _aDPer 808.042 C686 June 2019 - February 2020, vol 70-71, no. 1-4. | ||
| 100 |
_aLauer, Claire. _eauthor. _959960 |
||
| 245 |
_aRedefining writing for the responsive workplace / _cClaire Lauer and Eva Brumberger. |
||
| 260 |
_aUSA ; _bNational Council of Teachers of English, _cJune 2019. |
||
| 300 | _aVolume 70, pages 634-663. | ||
| 500 | _aCollege composition & Communication, c. 70 n.4, pages 634-663, June 2019. | ||
| 700 |
_aLauer, Claire. _eauthor. _959960 |
||
| 700 |
_aBrumberger, Eva. _eauthor. _959961 |
||
| 942 |
_2ddc _cPER |
||
| 999 |
_c21237 _d21237 |
||